000 00968nas a2200253 454500
001 10455
005 20260407193504.0
008 260407s2012####ag###########|||spa#d
003 AR-UNSa-BCEJYS
040 _aAR-UNSa-BCEJYS
_bspa
_cAR-UNSa-BCEJYS
080 _a34
_xDerecho
245 1 0 _aDerecho privado
022 _a2250-7582
264 1 _aBuenos Aires :
_bMinisterio de Justicia y Derechos Humanos de la Nación
_c2012
310 _aFrecuencia: Cuatrimestral
505 _aDerecho Privado, área directamente vinculada con la calidad de vida de las personas y las posibilidades de desarrollo de una sociedad robusta, asentada en términos de equidad y de justicia.
942 _cSER
590 _aniveau_biblio:s niveau_hierar:1
100 1 _aPicasso, Sebastián
700 1 _aCaramelo, Gustavo
650 _aAborto
650 _aDERECHO PRIVADO
856 4 1 _uhttps://biblioeco.unsa.edu.ar/pmb/images/revistas/Derecho Privado.jpg
_yImagen de portada
_qimage/jpeg
999 _c8444
_d8444